Cases in contemporary strategy analysis / (Record no. 5321)
[ view plain ]
| 000 -LEADER | |
|---|---|
| fixed length control field | 01789nac a22002771u 4500 |
| 010 ## - LIBRARY OF CONGRESS CONTROL NUMBER | |
| LC control number | 2002151887 |
| 020 ## - INTERNATIONAL STANDARD BOOK NUMBER | |
| International Standard Book Number | 1405111801 (pbk : alk. paper) |
| 082 00 - DEWEY DECIMAL CLASSIFICATION NUMBER | |
| Classification number | 658.4012 |
| Item number | GRA |
| 090 ## - LOCALLY ASSIGNED LC-TYPE CALL NUMBER (OCLC); LOCAL CALL NUMBER (OCLC) | |
| -- | 5321 |
| -- | 5321 |
| 100 ## - MAIN ENTRY--PERSONAL NAME | |
| Personal name | Grant, Robert M., |
| 245 10 - TITLE STATEMENT | |
| Title | Cases in contemporary strategy analysis / |
| Statement of responsibility, etc | Robert M. Grant, Kent E. Neupert. |
| 250 ## - EDITION STATEMENT | |
| Edition statement | 3rd ed. |
| 260 ## - PUBLICATION, DISTRIBUTION, ETC. (IMPRINT) | |
| Place of publication, distribution, etc | Malden, MA : |
| Name of publisher, distributor, etc | Blackwell,2003 |
| Date of publication, distribution, etc | 2003. |
| 300 ## - PHYSICAL DESCRIPTION | |
| Extent | xi, 369 p. : |
| Other physical details | ill. ; |
| Dimensions | 25 cm. |
| 500 ## - GENERAL NOTE | |
| General note | "Written and selected to accompany Robert Grant's Contemporary strategy analysis (Fourth edition)"--Preface. |
| 500 ## - GENERAL NOTE | |
| General note | distributer: Al-Ahram |
| 504 ## - BIBLIOGRAPHY, ETC. NOTE | |
| Bibliography, etc | Includes bibliographical references and index. |
| 505 0# - FORMATTED CONTENTS NOTE | |
| Formatted contents note | Madonna -- Laura Ashley Holdings plc : the battle for survival -- The U.S. airline industry in 2002 -- DaimlerChrysler and the world automobile industry -- Wal-Mart Stores, Inc., May 2002 -- Eastman Kodak : meeting the digital challenge -- Organizational restructuring within the Royal Dutch/Shell Group -- Harley-Davidson, Inc., January 2001 -- Online broking strategies : Merrill Lynch, Charles Schwab, and E*Trade -- EMI and the CT scanner [A] and [B] -- Rivalry in video games -- Birds Eye and the UK frozen food industry -- Euro Disney : from dream to nightmare, 1987-94 -- Richard Branson and the Virgin Group of Companies in 2002 -- General Electric : life after Jack -- AES Corporation : rewriting the rules of management. |
| 511 ## - PARTICIPANT OR PERFORMER NOTE | |
| Participant or performer note | catalogued by: wessam |
| 650 #0 - SUBJECT ADDED ENTRY--TOPICAL TERM | |
| Topical term or geographic name as entry element | Strategic planning |
| Form subdivision | Case studies. |
| 650 #0 - SUBJECT ADDED ENTRY--TOPICAL TERM | |
| Topical term or geographic name as entry element | Decision making |
| Form subdivision | Case studies. |
| 700 1# - ADDED ENTRY--PERSONAL NAME | |
| Personal name | Neupert, Kent E. |
| 700 1# - ADDED ENTRY--PERSONAL NAME | |
| Personal name | Grant, Robert M., |
| Dates associated with a name | 1948- |
| 942 ## - ADDED ENTRY ELEMENTS (KOHA) | |
| Item type | Book - Borrowing |
| Call number prefix | 658.4012GRA |
| Withdrawn status | Item status | Damaged status | Not for loan | Home library | Current library | Shelving location | Date acquired | Source of acquisition | Total Checkouts | Full call number | Barcode | Date last seen | Date last borrowed | Koha item type |
|---|---|---|---|---|---|---|---|---|---|---|---|---|---|---|
| Central Library | Central Library | First floor | 24/10/2007 | Purchase | 2 | 658.4012GRA | 000006572 | 15/07/2025 | 19/10/2016 | Book - Borrowing |